Исследования и находки (Запись № 43195)

Подробности
000 -МАРКЕР
контрольное поле 01576nam0a22003012i 4500
001 - ИДЕНТИФИКАТОР ЗАПИСИ
контрольное поле RU\VMP\43195
005 - ИДЕНТИФИКАТОР ВЕРСИИ
контрольное поле 20250107113942.0
100 ## - ДАННЫЕ ОБЩЕЙ ОБРАБОТКИ
Данные общей обработки 20150331d1976 |||y0rusy5050 ca
101 ## - ЯЗЫК РЕСУРСА
Язык текста, звукозаписи и т.д. русский
102 ## - СТРАНА ПУБЛИКАЦИИ ИЛИ ПРОИЗВОДСТВА
Страна публикации российская федерация
105 ## - ПОЛЕ КОДИРОВАННЫХ ДАННЫХ: ТЕКСТОВЫЕ МАТЕРИАЛЫ, МОНОГРАФИЧЕСКИЕ
Кодированные данные о монографическом текстовом документе y |||||||||
200 1# - ЗАГЛАВИЕ И СВЕДЕНИЯ ОБ ОТВЕТСТВЕННОСТИ
Основное заглавие Исследования и находки
210 ## - ПУБЛИКАЦИЯ, РАСПРОСТРАНЕНИЕ И ДР.
Место издания, распространения и т.д. М.
Имя издателя, распространителя и т. д. Искусство
Дата издания, распространения и т.д. 1976
215 ## - ФИЗИЧЕСКАЯ ХАРАКТЕРИСТИКА
Специфическое обозначение материала и объем 160 с. текст., 171 с. ил.
Размеры 22 см.
320 ## - ПРИМЕЧАНИЯ О НАЛИЧИИ В ДОКУМЕНТЕ БИБЛИОГРАФИИ / УКАЗАТЕЛЯ
Текст примечания Примечания после каждой статьи.
600 #1 - ИМЯ ЛИЦА КАК ПРЕДМЕТ
Идентификатор авторитетной/нормативной записи RU\VMP\AUTH\3964
Начальный элемент ввода Кипренский
Даты 1783–1836
Расширение инициалов личного имени Орест Адамович
Системный номер авторитетной/нормативной записи 3964
600 #1 - ИМЯ ЛИЦА КАК ПРЕДМЕТ
Код системы nlr_sh
Начальный элемент ввода Томилов
Даты 1779-1848
Расширение инициалов личного имени Алексей Романович
Тематический подзаголовок меценат, коллекционер
600 #1 - ИМЯ ЛИЦА КАК ПРЕДМЕТ
Код системы nlr_sh
Начальный элемент ввода Куракин
Даты 1752-1818
Расширение инициалов личного имени Александр Борисович
600 #1 - ИМЯ ЛИЦА КАК ПРЕДМЕТ
Код системы nlr_sh
Начальный элемент ввода Фирсов
Даты около 1733- после 1785
Расширение инициалов личного имени Иван Иванович
Тематический подзаголовок художник
600 #1 - ИМЯ ЛИЦА КАК ПРЕДМЕТ
Код системы nlr_sh
Начальный элемент ввода Шибанов
Даты ?- после 1789
Расширение инициалов личного имени Михаил
Тематический подзаголовок крепостной художник
606 1# - НАИМЕНОВАНИЕ ТЕМЫ КАК ПРЕДМЕТ
Идентификатор авторитетной/нормативной записи RU\VMP\AUTH\3644
Наименование темы История искусства
Географический подзаголовок Россия
Хронологический подзаголовок XVIII вв.
Системный номер авторитетной/нормативной записи 3644
606 ## - НАИМЕНОВАНИЕ ТЕМЫ КАК ПРЕДМЕТ
Наименование темы ИЛЛ
Тематический подзаголовок в основном - Шибанов и ранние рисунки Кипренского, в т. ч. на крестьянские темы
606 1# - НАИМЕНОВАНИЕ ТЕМЫ КАК ПРЕДМЕТ
Идентификатор авторитетной/нормативной записи RU\VMP\AUTH\4244
Наименование темы Крепостная интеллигенция
Системный номер авторитетной/нормативной записи 4244
610 ## - НЕКОНТРОЛИРУЕМЫЕ ПРЕДМЕТНЫЕ ТЕРМИНЫ
Организация и экземпляр, к которому относится поле 43756
Предметный термин Искусство
610 ## - НЕКОНТРОЛИРУЕМЫЕ ПРЕДМЕТНЫЕ ТЕРМИНЫ
Организация и экземпляр, к которому относится поле 43757
Предметный термин Искусство
700 #1 - ИМЯ ЛИЦА - ПЕРВИЧНАЯ ОТВЕТСТВЕННОСТЬ
Код отношения Автор
Начальный элемент ввода Алексеева
Часть имени, кроме начального элемента ввода Т. В.
Даты 1920-1991
Расширение инициалов личного имени Татьяна Васильевна
942 ## - ДОПОЛНИТЕЛЬНЫЕ ЭЛЕМЕНТЫ ЗАПИСИ (KOHA)
Тип экземпляра Koha Книга
Экземпляры
Статус не для выдачи Тип экземпляра Библиотека постоянного хранения Библиотека текущего хранения Место постоянного хранения Место хранения Штрих-код Код коллекции
  Книга Библиотека Всероссийского музея А. С. Пушкина Библиотека Всероссийского музея А. С. Пушкина БиблФ(КР) БиблФ(КР) БиблФ(КР)40447 Искусство
  Книга Библиотека Всероссийского музея А. С. Пушкина Библиотека Всероссийского музея А. С. Пушкина БиблФ(КР) БиблФ(КР) БиблФ(КР)40448 Искусство

© 2015-2024. Всероссийский музей А. С. Пушкина. Все права защищены. Все фото и видеоматериалы публикуются с согласия авторов. При использовании - ссылка обязательна.